000 00322pam a2200133 a 4500
020 _c
041 _h
082 _a4.0000000000000001E-2
_bRAD
100 _aRadhakrishnan
245 _aCad/Cam/Cim
_hTextual Documents
260 _aNew Delhi
_bNew Age International (P) Ltd Publishers
300 _a628/PB
930 _a381
999 _c107214
_d107214